000 00505nam a2200193Ia 4500
003 GCL
008 140319s9999 xx 000 0 eng d
040 _aGCL /
_cGCL
082 0 4 _a658.403
_bW E
100 1 _aCAMERON, KIM
245 1 0 _aEFFECTIVE PROBLEM SOLVING /
_cCAMERON, KIM
700 1 _aWHETTEN, DAVID A
700 1 _aWOODS, MIKE
260 _a[S.N] :
_bHARPER COLLINS COLLEGE PUBLISBERS ،
_c1996
300 _a109 P
650 0 4 _aMANAGEMENT
650 0 4 _aPROBLEM SOLVING
942 _2ddc
_cBK
999 _c13850
_d13850